How to Win Friends And Influence People: (Record no. 182943)

MARC details
000 -LEADER
fixed length control field 00509 a2200181 4500
005 - DATE AND TIME OF LATEST TRANSACTION
control field 20211210151005.0
010 ## - LCCN (DPL NO)
LC control number ENG-130283
020 ## - INTERNATIONAL STANDARD BOOK NUMBER
Terms of availability 150.00
International Standard Book Number 978-93-84401-97-9
035 ## - SYSTEM CONTROL NUMBER
System control number EN-113815
037 ## - SOURCE OF ACQUISITION
Source of stock number/acquisition DBAD / PUB
082 ## - DEWEY DECIMAL CLASSIFICATION NUMBER
Classification number 158.1
100 ## - MAIN ENTRY--PERSONAL NAME
Personal name Carnegie, Dale
245 ## - TITLE STATEMENT
Title How to Win Friends And Influence People:
Statement of responsibility, etc Dale Carnegie
260 ## - PUBLICATION, DISTRIBUTION, ETC. (IMPRINT)
Name of publisher, distributor, etc Pigeon Books India
Date of publication, distribution, etc 2018
270 ## - ADDRESS
Electronic mail address pigeonbooks@yahoo.com
300 ## - PHYSICAL DESCRIPTION
Extent 254p.
Dimensions 18cm (pbk)
942 ## - ADDED ENTRY ELEMENTS (KOHA)
Institution code [OBSOLETE] dpl
Item type English Books
Source of classification or shelving scheme Dewey Decimal Classification
Classification part 158.1
Call number suffix CAR
Holdings
Withdrawn status Lost status Not for loan Collection code Home library Current library Date acquired Source of acquisition Cost, normal purchase price Full call number Barcode Copy number Cost, replacement price Koha item type
      Non-fiction Shahdara Branch Shahdara Branch 10/12/2021 DBAD/PUB 150.00 158.1 CAR EN-113815 1 150.00 English Books

© Delhi Public Library
Hit Counter
free hit counter